[Event "Sinquefield Cup 4th"]
[Site "Saint Louis"]
[Date "2016.08.11"]
[Round "6"]
[White "Ding, Liren"]
[Black "Svidler, Peter"]
[Result "1-0"]
[WhiteElo "2755"]
[BlackElo "2751"]
[Annotator "Szabo,Kr"]
[PlyCount "117"]
[EventDate "2016.08.05"]
[EventType "tourn"]
[EventRounds "9"]
[EventCountry "USA"]
[EventCategory "22"]
[SourceTitle "CBM 174"]
[Source "ChessBase"]
[SourceDate "2016.09.13"]
[SourceVersion "1"]
[SourceVersionDate "2016.09.13"]
[SourceQuality "1"]

1. d4 Nf6 2. c4 g6 3. g3 c5 4. d5 Bg7 5. Bg2 O-O 6. Nc3 d6 7. Nh3 {A rare, but
a smart move. White prepares for ...e6, because the knight will be very useful
from f4.} (7. Nf3 {is the main continuation.}) 7... a6 (7... Na6 {is more
common,} 8. Nf4 Nc7 9. a4 Rb8 10. O-O b6 11. Rb1 Nd7 12. Nd3 a6 13. Bd2 b5 14.
b3 Ne5 15. Nxe5 Bxe5 16. Qc2 Bf5 17. e4 Bd7 $13 {Burmakin-Aroshidze, Balaguer
2009, with a balanced middlegame.}) 8. a4 $146 {A novelty by Ding Liren.} (8.
Nf4 {was played, for example} b5 (8... Ng4 $5) 9. cxb5 axb5 10. Nxb5 g5 11. Nh3
Qa5+ 12. Nc3 Bxh3 13. Bxh3 Ne4 (13... Nxd5 $2 {does not work because of} 14.
Qxd5 Bxc3+ 15. bxc3 Qxc3+ 16. Kd1 Qxa1 17. Qxa8 $16 {and White is better}) 14.
O-O Nxc3 15. bxc3 Qxc3 16. Rb1 $36 {Burmakin-Vaulin, St Petersburg 1998, with
the initiative.}) 8... e6 9. Nf4 exd5 10. Nfxd5 Nxd5 11. Nxd5 Nc6 12. O-O Re8
13. Ra2 $5 {A smart move, White avoids the pin by the g7-bishop and he
prepares for b3.} Rb8 14. b3 b5 {An ambitious move, but risky too, moreover
this is a pawn sacrifice.} ({In the event of} 14... Be6 15. Rd2 $14 {White
looks more comfortable, because he can put pressure on d6.}) 15. axb5 axb5 16.
cxb5 {Probably more accurate, than 16.Nf6+.} (16. Nf6+ Bxf6 17. Bxc6 Re6 18.
cxb5 Bb7 {and Black has some compensation for the pawn.}) 16... Nd4 17. b6 {
Of course White tries to save his pawn.} Be6 18. e3 Nb5 {Otherwise Nc7.} 19.
Bd2 Bxd5 20. Bxd5 Qxb6 {Black has recovered the pawn, but White has a really
strong bishop on d5, so his position is more tempting.} 21. Qf3 Re7 $2 {
A mistake, which loses material.} (21... Qc7 {was important, however} 22. Ba5
Qe7 23. Rc1 Qf6 24. Kg2 $14 {and still it will be torture for Black.}) 22. Ba5
Qa7 23. Bd8 $1 {This is the point!} Rxd8 {Still the best practical chance.} ({
In the event of} 23... Qxa2 $2 24. Bxe7 $18 {Black can't protect the f7-pawn.})
24. Rxa7 Rxa7 25. Bc4 Nc3 26. Qc6 d5 27. Bd3 $1 {The most accurate reply!
White wants to save his b3-pawn.} (27. Qxc5 Rb7 {and Black wins the b3-pawn.})
27... Ra3 28. Qb6 Rc8 29. Kg2 Bf8 30. Rc1 Na2 31. Ra1 Bg7 32. Rb1 Nb4 33. Bb5
Bf8 34. e4 $1 {A very ambitious move, White sacrifices a pawn, because he
wants to open files and diagonals for his pieces.} Raa8 {Threatening ...Rcb8.}
(34... dxe4 {could have been met by} 35. Rd1 $1 $18 {followed by Rd7 with a
decisive attack.}) 35. Bf1 Rab8 36. Qa7 Ra8 37. Qb7 Rab8 38. Qa7 Ra8 39. Qd7 c4
$6 {Black sacrifices a pawn, because he wants to prevent Bc4.} ({If} 39... dxe4
40. Bc4 $18 {and White is winning.}) ({Probably} 39... Rd8 $1 {was the most
accurate,} 40. Qg4 h5 41. Qh4 Bg7 {and it is still not easy to break Black's
fortress.}) 40. bxc4 dxe4 (40... dxc4 41. e5 $1 {is also dangerous for Black.})
41. Qb7 Nc6 42. Re1 Rab8 43. Qd7 Ne5 44. Qd5 Rc5 45. Qxe4 $18 {Finally White
wins the e4-pawn too; now his position is completely winning. The remaining
moves do not require complicated technique from Ding Liren.} Rbc8 46. Rc1 R8c7
47. Be2 Rc8 48. f4 Nd7 49. Ra1 Nf6 50. Qf3 Re8 51. Ra8 Re6 52. Qd3 Kg7 53. Bf3
Rd6 54. Qc3 {He improves all his pieces.} h5 55. h3 Kg8 56. Qb4 Nd7 57. Bd5 Rb6
58. Qd2 Rc7 59. f5 1-0

[Event "World-ch Tournament"]
[Site "Mexico City"]
[Date "2007.09.23"]
[Round "9"]
[White "Morozevich, Alexander"]
[Black "Kramnik, Vladimir"]
[Result "1-0"]
[WhiteElo "2758"]
[BlackElo "2769"]
[Annotator "Marin,M"]
[PlyCount "95"]
[EventDate "2007.09.13"]
[EventType "tourn"]
[EventRounds "14"]
[EventCountry "MEX"]
[EventCategory "21"]
[SourceTitle "CBM 120"]
[Source "ChessBase"]
[SourceDate "2007.10.02"]
[SourceVersion "1"]
[SourceVersionDate "2007.10.02"]
[SourceQuality "1"]

1. c4 c5 2. Nc3 g6 3. e3 Bg7 4. d4 Nf6 {Apparently, White has played the
opening without any ambition. Aparentemente, las blancas han jugado la
apertura sin ningún ambición.} 5. d5 $5 {But this move causes an opposite
impression. Pero esta jugada provoca una sensación enteramente opuesta.} O-O 6.
Nf3 e6 7. Be2 exd5 8. cxd5 d6 {As an experienced Benoni player, I have
problems finding a proper name for this almost non-existent variation; "the
e3-Benoni" sounds almost comical! However, White's setup is not without venom.
By refraining from exposing his e-pawn to early attacks (...Re8), White
intends to obtain more freedom of action for his minor pieces. His king's
knight could go to c2 (via e1) in order to counter a later ...b5 with b4, or
to the more usual c4-square, without having to care about defending the
e4-pawn from d2. We shall see further differences with respect to the
classical system (e4, Nf3 and Be2) as the game advances. White's philosophy is
similar to that from the fianchetto system: White refrains from an early
occupation of the centre, but the later advance of the e-pawn should not be
discarded. One possible drawback of this system is that the c1-bishop will
remain passive for a long time. From psychological point of view, Morozevich's
choice is simply brilliant. Kramnik does not play this opening regularly 
(although he employed it in the penultimate game of his match against Leko,
when he desperately needed to win) and, almost surely, never studied the
e3-system! There are not many recent cases when the World Champion was taken
"out of the book" at such an early stage, with the position remaining complex
at the same time. Como jugador con mucha experiencía de Benoni, tengo
problemas en encontrar un nombre a esta casi inexistente variante; "la Benoni
con e3" ¡sueña casi cómico! Sin embargo, el sistema de desarrollo escogido por
las blancas no carece de veneno. Al evitar de exponer su peón de e a ataques
tempranos (...Re8), las blancas aseguran mayor movilidad a sus figuras menores.
Por ejemplo, el caballo de rey puede ser trasladado a c2, para contestar un
eventual ...b5 con b4, o a c4, sin necesidad de defender el peón de e4 desde
d2. Veremos más detalles a lo largo de la partida. Una posible desventaja
sería conectada con las dificultades en desarrollar el alfil de c1. Desde un
punto de vista psicológico, la escogida de variante de Morozevich es
simplemente brillante. Kramnik casi no juega la Benoni (aunque si la empleó en
la penúltima partida de su encuentro contra Leko, cuando necesitaba
desesperadamente ganar) y, ciertamente, ¡nunca debio de estudiar la variante
de e3! Noson muchos los casos recientes cuando el Campeón del Mundo fue sacado
de su libro de aperturas en un estado tan temprano de la partida, con la
posición quedando suficientemente complicada.} 9. O-O Bg4 {Since Black is
under no immediate pressure, he had a relatively wide choice of typical plans.}
({The first game which made me aware of the e3-Benoni continued} 9... Na6 10.
Ne1 $5 Nc7 11. a4 b6 12. Nc2 Ba6 13. Bxa6 Nxa6 14. Qd3 Nc7 15. Rb1 Re8 16. Bd2
{White has discouraged any queenside attack, because ...a6 followed by ...b5
would always be met by b4, aiming to open the way for the knight towards c6.}
Qe7 17. f3 Qe5 18. e4 {Finally, White has occupied the centre under favourable
circumstances. The c7-knight is passively placed now.} Qe7 19. Rbe1 Rac8 20. f4
{And now he starts the typical attack in the centre.} c4 $6 21. Qf3 Nd7 22. Nb4
$16 {Miles,A (2565)-De Kleuver,E (2150)/Tilburg 1993/CBM 039 (1-0, 37). I
happened to play in this KO event and became very worried about this setup. A
few months later, I shared my fears with GM Mihai Suba (one of the greatest
Romanian Benoni specialists), but he simply laughed. I can understand him, but
if it works against a World Champion, the system cannot be that bad...}) (9...
a6 10. a4 Bg4 11. Nd2 (11. h3 Bxf3 12. Bxf3 {would transpose to the main game.}
) 11... Bxe2 12. Qxe2 Nbd7 13. Rb1 Re8 (13... Rc8 14. b3 Nb6 15. Qd3 Ng4 16.
Nc4 Nxc4 17. Qxc4 f5 18. Ne2 Qd7 19. Nf4 $14 {[%csl Ge6] De Greif,B-Lebredo,G/
Camaguey 1974/EXT 2001 (1/2-1/2, 47)}) 14. b3 {This move is enabled by the
fact that Black has not the tactical possibility of destroying White's centre
with ...Nxe4 followed by ...f5.} Rb8 15. Bb2 h5 16. h3 Qa5 17. Ra1 Re7 18. Rfd1
Rbe8 19. Nc4 Qc7 20. Rac1 $14 {Lobron,E (2540)-Wiersma,E (2300)/Leeuwarden
1997/EXT 99 (1-0, 64). Black has completed his regrouping, but his position is
quite passive in the absence of objectives for attack.}) (9... Re8 10. Nd2 Na6
(10... b6 11. a4 a6 {looks too passive.} 12. Qc2 Nbd7 13. Rb1 Ne5 14. h3 h5 15.
f4 $1 Ned7 16. e4 {White has transposed to a favourable form of the 3 pawns
attack, with gain of time.} Rb8 17. b3 Qc7 18. Bb2 $16 {Palermo,V (2300)
-Arencibia,W (2425)/Mar del Plata 1990/EXT 2000 (1-0, 34)}) 11. Nc4 Nc7 12. a4
b6 13. Ra2 $5 {[%cal Yb2b3,Gg7a1]} Ne4 14. Nxe4 Rxe4 15. b3 f5 16. Bf3 Re8 17.
Qd2 Ba6 18. Bb2 Bxc4 19. bxc4 Na6 20. Re1 Nb4 21. Ra3 Bxb2 22. Qxb2 $14 {
Lobron,E (2550)-Wojtkiewicz,A (2563)/Frankfurt 2000/CBM 076 ext (1/2-1/2, 52).
The knight stands nicely on b4, but does not do too much (compare with
Anand-Grischuk, Mexico 2007), while the queenside majority cannot be
transformed into a passed pawn easily. At the same time, the black king's
position is weakened and White only needs to prepare e4 to get attacking
chances.}) 10. h3 (10. Nd2 $5 {is possible here, too.}) 10... Bxf3 11. Bxf3
Nbd7 12. a4 $146 {Technically speaking, a novelty.} ({Allowing Black's
queenside expansion with} 12. Rb1 a6 13. b3 {does not make too much sense.} b5
14. Bb2 Re8 15. g3 b4 16. Na4 Ne4 $132 {[%csl Gc3] Ilinsky,V (2340)-Lukin,A 
(2450)/Frunze 1989/TD (1/2-1/2, 29)}) 12... a6 13. g4 $5 {This original
attempt to win space will be fully crowned by success. Este original intento
de ganar espacio en el flanco de rey será coronado por exito.} c4 $5 ({This is
a typical move in the Benoni, but maybe the prophylactic Esta es una jugada
típica en la Benoni, pero aquí la jugada profiláctica} 13... h6 $5 {deserved
serious attention here. Deprived of the plan of winning more space on the
kingside, White would not have been entitled to claim an advantage. hubiera
sido preferible.} 14. Be2 (14. h4 $2 Nh7 $1) 14... Re8 $13) 14. Be2 $1 Rc8 $6 {
With the pawn on e4, Black could answer 14...Nc5 15.f3 Rc8. Con el peón en e4,
las negras podían haber contestado 14...Cc5 15.f3 Tc8.} ({Not having too much
experience as a Benoni player, Kramnik did not feel prepared to carry out a
thematic pawn sacrifice:} 14... Ne5 $5 {(Clearing the d7-square for the other
knight.} 15. f4 Nd3 $1 16. Bxd3 cxd3 17. Qxd3 h5 18. g5 Nd7 19. e4 Nc5 20. Qf3
Re8 21. Re1 Qa5 {[%csl Ga1][%cal Yb7b5]} 22. Ra2 Qb4 $132 {[%cal Ye8e7,Ya8e8]
White's far advanced pawns have left behind many vulnerable squares.}) 15. g5
Ne8 16. f4 $14 {Now, the c1-bishop proves useful by safely defending the
backward pawn. De repente, el alfil de c1 se vuelve útil, al defender el peón
retrasado de e3.} Qe7 17. Ra3 Rc5 $6 ({Kramnik's play in this phase of the
game is not too logical. He starts queenside operations with his knight and
king's rook passive on the other wing. Personally, I would first think of
eliminating the g5-pawn with El juego de Kramnik en esta fase de la partida no
parece muy lógico. Él inicía operaciones activas en el flanco de dama, en un
momento en que su caballo y torre rey se encuentran pásivas en el flanco
opuesto. Yo hubiera pensado en eliminar el molesto peón de g5 con} 17... h6 $5
18. h4 f6 {when cuando} 19. Bg4 {, threatening to invade the e6-square, can be
answered with , amenazando con invadir la casilla de e6, podía ser parada con}
Nc7) 18. Bf3 Ra5 19. Bd2 Nc5 20. Qe2 Nb3 21. Ne4 $16 {We can see that White
makes use of the e4-square to activate his knight. Now, ...f6 is out of
question already, because of gxf6 followed by Ng5-e6. Podemos ver que las
blancas utilizan la casilla de e4 para activar su caballo. Ahora, las negras
no pueden ni pensar en jugar ...f6, por gxf6 seguído por Ng5.} Nxd2 (21... Rxd5
22. Qxc4 Rxd2 23. Rxb3 $16) 22. Qxd2 {After the exchange of his queen's bishop,
White has solved all his problems with the development. Black's control on the
dark squares is less relevant than in a normal Benoni, because the d4-square
has not been weakened with e4 yet. White has a clear and stable advantage.
Después del cambío de este alfil, las blancas resolvieron por fin sus
problemas de desarrollo. La dominación de las negras en casillas negras es
menos relevante que en una Benoni normal, porque la casillade d4 no ha sido
debilitada con e4.} Qd8 23. Qb4 b5 24. axb5 Rxb5 25. Qxc4 Qb6 26. Qc6 Bxb2 27.
Qxb6 Rxb6 28. Ra2 Bg7 29. Rc1 h6 30. h4 hxg5 31. hxg5 f6 32. Rc6 Rxc6 33. dxc6
fxg5 34. Nxg5 Nc7 {Despite simplifications, Black has a difficult position.
White has an enormous advantage of space and his c6-pawn is very dangerous. A
pesar de las simplificaciones, las negras se encuentran en apuros graves. Las
blancs disponen de una enorme ventaja de espació, mientras que el peón de c6
es muy peligroso.} 35. Rd2 Rd8 36. Bg4 Bc3 37. Rd3 Ba5 38. Kg2 d5 39. e4 {
It was worth waiting with this move for so long. The advance of the e-pawn
will increase White's advantage. Mereció la pena esperar tanto tiempo antes de
efectuar esta jugada. El avance del peón de e incrementa la ventaja de las
blancas.} d4 40. e5 Bb6 41. Rb3 Rb8 42. Rh3 Ba5 43. Rh6 Rb2+ 44. Kg3 Be1+ 45.
Kf3 d3 46. Rxg6+ Kf8 47. Rd6 d2 48. Ke4 1-0

[Event "Moscow Tal Memorial 10th"]
[Site "Moscow"]
[Date "2016.09.27"]
[Round "2"]
[White "Gelfand, Boris"]
[Black "Giri, Anish"]
[Result "0-1"]
[WhiteElo "2743"]
[BlackElo "2755"]
[Annotator "Prasanna,V"]
[PlyCount "72"]
[EventDate "2016.09.26"]
[EventType "tourn"]
[EventRounds "9"]
[EventCountry "RUS"]
[EventCategory "21"]
[SourceTitle "CBM 175"]
[Source "ChessBase"]
[SourceDate "2016.11.10"]
[SourceVersion "1"]
[SourceVersionDate "2016.11.10"]
[SourceQuality "1"]

1. d4 Nf6 2. c4 g6 3. g3 Bg7 4. Bg2 O-O 5. Nc3 Nc6 {A tournament in which
Gelfand had to endure a painful number of losses and was in poor form.} 6. e3 (
6. Nf3 d5 {was probably what Anish intended.} (6... d6 {leads to the Panno
King's Indian.})) 6... d6 ({The direct move 6...e5 could be considered for
theroretical purposes and probably allows Black to equalise more comfortably.} 
6... e5 $1 7. Nge2 (7. d5 Ne7) (7. Bxc6 exd4 $1) 7... exd4 8. exd4 Ne7 (8... d5
9. cxd5 Ne7) 9. O-O d5 10. b3 Re8 11. Re1 c6 {Black achieves similar positions
to those in the game with an extra tempo.}) 7. Nge2 e5 8. O-O exd4 9. exd4 Ne7
(9... Bf5 {has been played most often.} 10. h3 h5 (10... Re8 11. g4 Bd7 (11...
Be4 12. f3) 12. Nf4 $14) 11. f3 $5 {appears to be a strong idea that works for
White.} (11. Bg5 {This is a model game for White but arose from a different
opening and White chose a different move order for the plan.} Qd7 12. Kh2 Rfe8
13. Qd2 Rab8 14. Rad1 Nb4 15. a3 Na6 16. f3 Nh7 17. Bh4 c5 18. g4 cxd4 19. Nxd4
Be6 20. Nxe6 Qxe6 21. gxh5 gxh5 22. f4 Qxc4 23. Bd5 Qc5 24. Rg1 Qe3 25. Qg2
Qxf4+ 26. Kh1 Qh6 27. Bxf7+ Kxf7 28. Rxd6 Nf6 29. Bxf6 Bxf6 30. Qd5+ {1-0 (30)
Khismatullin,D (2657)-Bosiocic,M (2577) Rijeka CRO 2010}) 11... d5 12. g4 Be6
13. Bg5 Qd6 14. c5 Qd7 15. Rb1 $14) 10. Bf4 {White wants to exchange the
dark-squared bishops and the bishop is also ideally placed on f4.} Nf5 (10...
d5) (10... h6 {was an interesting possibilty for Black, planning to dislodge
the bishop from the diagonal and also playing against the idea of Qc1-Bh6:} 11.
Qc1 (11. d5 Re8 12. h3 Bd7 $13) (11. h3 g5 12. Be3 d5 13. b3 {I believe
Black's chances are not worse}) 11... Nf5 12. h3 g5 13. Bd2 Re8 {with a
balanced game.}) 11. Qc1 (11. h3 c6 (11... h5 12. Bg5 Qd7 13. Qd3 c6 14. b4)
12. g4 Nh4 13. Bh1) 11... Re8 12. h3 c6 (12... h5 13. Bg5 c6 14. g4 (14. Qd2
Qc7 15. b3) 14... hxg4 15. hxg4 Ne7 16. f3 d5 17. c5 b6) 13. g4 Ne7 14. Bh6 d5
15. c5 b6 16. cxb6 $6 {A very strange decision.} ({The more obvious} 16. b4 {
would be better} Bxh6 17. Qxh6 Ba6 18. Rfe1 Bc4 19. a4 {Even though the black
bishop is outside the pawn chain on c4 White has slightly better chances
because of the extra space.}) 16... axb6 17. Re1 Bh8 18. Qf4 Nd7 19. Qd2 Nf8
20. Nf4 Ne6 21. Nce2 c5 $6 {An interesting but objectively dubious
continuation. White did not cope with the complications in the game.} 22. dxc5
bxc5 23. Nxd5 $6 (23. Nc3 $1 Ra7 (23... Nxf4 24. Bxf4 $14) 24. Rac1 d4 25. Ne4
$16 {In all variations White is able to curtail Black's activity and end up in
a better position.}) 23... Bb7 24. Nec3 (24. Nf6+ {is White's emergency exit
to a draw and probably should have been played.} Bxf6 25. Bxb7 Ra7 26. Bg2 Qxd2
27. Bxd2 Bxb2 28. Rab1 Rxa2 29. Nc3 Bxc3 30. Bxc3 $11) 24... Nxd5 25. Nxd5 Bd4
26. Nc3 $2 (26. Nf4 {was best} Bxg2 27. Kxg2 Qb6 28. Nxe6 fxe6 29. Qc2 Bxb2 $11
) 26... Bxg2 27. Kxg2 g5 $1 {Anish Giri is exceptionally precise after this
and does not give any opportunities to Gelfand.} 28. h4 gxh4 29. Ne4 Qd5 30. f3
Rad8 31. Rad1 Kh8 32. Bg5 f5 33. Bxd8 Rxd8 34. gxf5 (34. Qh6 h3+ 35. Kh1 fxe4
36. Rxe4 {is White's best try to keep the game going but his position is far
from enviable.}) 34... Qxf5 35. Kh1 Rg8 36. Rf1 Be5 0-1